<?xml version="1.0" encoding="UTF-8"?>
<record
    xmlns:xsi="http://www.w3.org/2001/XMLSchema-instance"
    xsi:schemaLocation="http://www.loc.gov/MARC21/slim http://www.loc.gov/standards/marcxml/schema/MARC21slim.xsd"
    xmlns="http://www.loc.gov/MARC21/slim">

  <leader>01297nam0a2200289   4500</leader>
  <controlfield tag="001">RU\NLR\bibl\1198738</controlfield>
  <controlfield tag="005">20260406121619.0</controlfield>
  <datafield tag="010" ind1=" " ind2=" ">
    <subfield code="a">978-5-699-24929-9</subfield>
    <subfield code="9">4000</subfield>
  </datafield>
  <datafield tag="021" ind1=" " ind2=" ">
    <subfield code="a">RU</subfield>
    <subfield code="b">2008-2150</subfield>
    <subfield code="9">117</subfield>
  </datafield>
  <datafield tag="035" ind1=" " ind2=" ">
    <subfield code="a">(NLR Aleph) 001185250</subfield>
  </datafield>
  <datafield tag="090" ind1=" " ind2=" ">
    <subfield code="a">1682784</subfield>
    <subfield code="c">1682784</subfield>
  </datafield>
  <datafield tag="100" ind1=" " ind2=" ">
    <subfield code="a">20080311d2007    |||y0rusy50      ca</subfield>
  </datafield>
  <datafield tag="101" ind1="0" ind2=" ">
    <subfield code="a">rus</subfield>
  </datafield>
  <datafield tag="102" ind1=" " ind2=" ">
    <subfield code="a">RU</subfield>
  </datafield>
  <datafield tag="105" ind1=" " ind2=" ">
    <subfield code="a">y   |||||||||</subfield>
  </datafield>
  <datafield tag="200" ind1="1" ind2=" ">
    <subfield code="a">&#x41F;&#x440;&#x435;&#x441;&#x442;&#x443;&#x43F;&#x43B;&#x435;&#x43D;&#x438;&#x44F; &#x441;&#x442;&#x440;&#x430;&#x441;&#x442;&#x438;</subfield>
    <subfield code="i">&#x416;&#x430;&#x436;&#x434;&#x430; &#x432;&#x43B;&#x430;&#x441;&#x442;&#x438;</subfield>
    <subfield code="e">[&#x441;&#x431;&#x43E;&#x440;&#x43D;&#x438;&#x43A; &#x43D;&#x43E;&#x432;&#x435;&#x43B;&#x43B;]</subfield>
    <subfield code="f">&#x415;&#x43B;&#x435;&#x43D;&#x430; &#x410;&#x440;&#x441;&#x435;&#x43D;&#x44C;&#x435;&#x432;&#x430;</subfield>
  </datafield>
  <datafield tag="210" ind1=" " ind2=" ">
    <subfield code="a">&#x41C;&#x43E;&#x441;&#x43A;&#x432;&#x430;</subfield>
    <subfield code="c">&#x42D;&#x43A;&#x441;&#x43C;&#x43E;</subfield>
    <subfield code="d">2007</subfield>
  </datafield>
  <datafield tag="215" ind1=" " ind2=" ">
    <subfield code="a">377, [2] &#x441;.</subfield>
    <subfield code="d">21</subfield>
  </datafield>
  <datafield tag="225" ind1="1" ind2=" ">
    <subfield code="a">&#x41F;&#x440;&#x435;&#x441;&#x442;&#x443;&#x43F;&#x43B;&#x435;&#x43D;&#x438;&#x44F; &#x441;&#x442;&#x440;&#x430;&#x441;&#x442;&#x438;</subfield>
  </datafield>
  <datafield tag="327" ind1="1" ind2=" ">
    <subfield code="a">&#x421;&#x43E;&#x434;&#x435;&#x440;&#x436;.: &#x42F;&#x434;&#x43E;&#x432;&#x438;&#x442;&#x430;&#x44F; &#x43E;&#x440;&#x445;&#x438;&#x434;&#x435;&#x44F;; &#x411;&#x43E;&#x440;&#x438;&#x441;&#x43A;&#x430; &#x43F;&#x440;&#x435;&#x43B;&#x443;&#x43A;&#x430;&#x432;&#x44B;&#x439;; &#x414;&#x440;&#x443;&#x433; &#x43D;&#x430;&#x440;&#x43E;&#x434;&#x430;...&#x434;&#x430;?; &#x41D;&#x435;&#x434;&#x43E;&#x441;&#x442;&#x438;&#x436;&#x438;&#x43C;&#x430;&#x44F; &#x43A;&#x43E;&#x440;&#x43E;&#x43D;&#x430;; &#x41A;&#x43E;&#x43B;&#x44C; &#x43B;&#x44E;&#x431;&#x438;&#x442;&#x44C;, &#x442;&#x430;&#x43A; &#x43A;&#x43E;&#x440;&#x43E;&#x43B;&#x435;&#x432;&#x443;!; &#x421;&#x435;&#x441;&#x442;&#x440;&#x430; &#x431;&#x440;&#x430;&#x442;&#x443; &#x441;&#x432;&#x43E;&#x435;&#x43C;&#x443;; &#x41A;&#x443;&#x441;&#x43E;&#x447;&#x435;&#x43A; &#x434;&#x43B;&#x44F; &#x43A;&#x43E;&#x440;&#x43E;&#x43B;&#x44F;; "&#x421;&#x442;&#x443;&#x43F;&#x430;&#x439;&#x442;&#x435; &#x446;&#x430;&#x440;&#x441;&#x442;&#x432;&#x43E;&#x432;&#x430;&#x442;&#x44C;, &#x433;&#x43E;&#x441;&#x443;&#x434;&#x430;&#x440;&#x44C;!"</subfield>
  </datafield>
  <datafield tag="700" ind1=" " ind2="1">
    <subfield code="4">070</subfield>
    <subfield code="8">rus</subfield>
    <subfield code="7">ca</subfield>
    <subfield code="a">&#x410;&#x440;&#x441;&#x435;&#x43D;&#x44C;&#x435;&#x432;&#x430;</subfield>
    <subfield code="b">&#x415;. &#x410;.</subfield>
    <subfield code="c">&#x43F;&#x438;&#x441;&#x430;&#x442;&#x435;&#x43B;&#x44C;</subfield>
    <subfield code="f">1952-</subfield>
    <subfield code="g">&#x415;&#x43B;&#x435;&#x43D;&#x430; &#x410;&#x440;&#x441;&#x435;&#x43D;&#x44C;&#x435;&#x432;&#x43D;&#x430;</subfield>
    <subfield code="3">RU\NLR\auth\77572</subfield>
    <subfield code="9">110618</subfield>
  </datafield>
  <datafield tag="801" ind1=" " ind2="0">
    <subfield code="a">RU</subfield>
    <subfield code="b">NLR</subfield>
    <subfield code="c">20080311</subfield>
    <subfield code="g">RCR</subfield>
  </datafield>
  <datafield tag="801" ind1=" " ind2="1">
    <subfield code="a">RU</subfield>
    <subfield code="b">NLR</subfield>
    <subfield code="c">20080311</subfield>
  </datafield>
  <datafield tag="942" ind1=" " ind2=" ">
    <subfield code="c">BOOK</subfield>
  </datafield>
  <datafield tag="980" ind1=" " ind2=" ">
    <subfield code="a">NB</subfield>
  </datafield>
  <datafield tag="995" ind1=" " ind2=" ">
    <subfield code="5">2008-03-11</subfield>
    <subfield code="a">ad</subfield>
    <subfield code="b">NLR01</subfield>
    <subfield code="c">NLR01</subfield>
    <subfield code="e">RF9</subfield>
    <subfield code="f">2624776</subfield>
    <subfield code="k">2008-3/6965</subfield>
    <subfield code="o">0</subfield>
    <subfield code="r">BOOK</subfield>
    <subfield code="s">200836965_</subfield>
  </datafield>
  <datafield tag="995" ind1=" " ind2=" ">
    <subfield code="5">2008-03-11</subfield>
    <subfield code="a">ad</subfield>
    <subfield code="b">NLR01</subfield>
    <subfield code="c">NLR01</subfield>
    <subfield code="e">RF9</subfield>
    <subfield code="f">2624778</subfield>
    <subfield code="k">2008-3/6965</subfield>
    <subfield code="o">0</subfield>
    <subfield code="r">BOOK</subfield>
    <subfield code="s">200836965_</subfield>
  </datafield>
</record>
